000 00424nam a2200145Ia 4500
005 20240607033928.0
008 240331s9999 xx 000 0 und d
082 _bMOL
_a362
100 _aMoldrich, D
245 0 _aSomewhere a child is crying :
_ba plea for the abolition of corporal punishment of children and adults
260 _aColombo
_bCeylon Printers Ltd
_c1986
300 _a201 p.,
650 _aChildren
942 _cL
999 _c2896
_d2896